000 00597nam a2200229Ia 4500
003 OSt
005 20220918184531.0
006 a|||||r|||| 00| 0
007 ta
008 220917b |||||||| |||| 00| 0 eng d
024 _a47,028
037 _cTextual
040 _aARTS
_cARTS
_beng
041 _2eng
_aeng
082 _aO41:3J05:11, 111H5
100 _aCh' Eng-En
_966001
245 0 _aMonkey tr from the Chinese by Arthur Waley
260 _c1945
650 _aENGLISH LITERATURE
942 _hO41:3J05:11, 111H5
_cTEXL
_2CC
999 _c176908
_d176908